Mambo Mercenario! /

Gorde:
Xehetasun bibliografikoak
Egile nagusia: Karm, Robert
Formatua: Liburua
Hizkuntza:ingelesa
Argitaratua: Roma RE.VI [1977]
Saila:I Libri di Gay Italia 20
Etiketak: Etiketa erantsi
Etiketarik gabe, Izan zaitez lehena erregistro honi etiketa jartzen!

MARC

LEADER 00000nam a2200000 4500
001 CDOM0000000296
003 mi
005 20250820123553.0
008 250723b |||||||| |||| 00| 0 eng d
040 |c mi 
100 |a Karm, Robert 
245 1 |a Mambo Mercenario! /  |c Robert Karm 
260 |a Roma  |b RE.VI  |c [1977] 
300 |a 118 p.  |c ill.  |c 17 cm. 
490 |a I Libri di Gay Italia  |v 20 
942 |2 ddc  |c BK 
952 |0 0  |1 0  |2 ddc  |4 0  |6 B_LNR02KARROMAM11  |7 0  |9 4634  |a MI  |b MI  |d 1987-06-22  |i 241  |l 0  |o B-LNR02-KARRO-MAM11  |p CDOM241  |r 2025-07-04 21:34:31  |w 2025-07-04  |x DONO  |y BK 
999 |c 3620  |d 3620